|
|
|
|
| LEADER |
00000nam a2200000Ia 4500 |
| 003 |
009712 |
| 005 |
20221231144123.0 |
| 008 |
140114s2005 cr a 000 ||s d |
| 040 |
|
|
|c cru CEDI
|
| 090 |
|
|
|a TFG 5242
|
| 100 |
|
|
|a Matamoros Monge, Daniel José
|9 3484
|
| 245 |
|
|
|a Desarrollo de una interfaz gráfica para el control del robot RX-90 utilizando el Internet Explorer de Windows
|
| 260 |
|
|
|c [San José, Costa Rica]
|b 2005
|
| 300 |
|
|
|a [8], 131, [38] hojas : ilustraciones a color
|
| 500 |
|
|
|a Proyecto de graduación (bachillerato en ingeniería eléctrica)--Universidad de Costa Rica. Facultad de Ingeniería. Escuela de Ingeniería Eléctrica
|
| 650 |
|
|
|x SISTEMAS DE CONTROL DE AUTOMATAS
|x JAVA (LENGUAJE DE PROGRAMACION PARA COMPUTADORA)
|x LENGUAJES DE PROGRAMACION (COMPUTADORAS ELECTRONICAS)
|x INTERNET
|x ROBOTICA
|x INTERFASES GRAFICAS CON EL USUARIO (SISTEMAS PARA COMPUTADORA)
|9 5627
|
| 942 |
|
|
|c TFG
|
| 999 |
|
|
|c 17182
|d 17182
|